书目信息 |
| 题名: |
京张高铁重难点隧道修建关键技术
|
|
| 作者: | 张民庆 著 | |
| 分册: | ||
| 出版信息: | 北京 人民交通出版社股份有限公司 2021.07 |
|
| 页数: | 276页 | |
| 开本: | 26cm | |
| 丛书名: | ||
| 单 册: | ||
| 中图分类: | U459.1 | |
| 科图分类: | ||
| 主题词: | 高速铁路--gao su tie lu--铁路隧道--隧道施工--华北地区 | |
| 电子资源: | ||
| ISBN: | 978-7-114-17341-7 | |
| 000 | 01491nam0 2200253 450 | |
| 001 | 011025153443 | |
| 005 | 20221025153443.0 | |
| 010 | @a978-7-114-17341-7@dCNY138.00 | |
| 100 | @a20201004d2021 em y0chiy0120 ea | |
| 101 | 0 | @achi |
| 102 | @aCN@b110000 | |
| 105 | @aa z 000yy | |
| 106 | @ar | |
| 200 | 1 | @a京张高铁重难点隧道修建关键技术@Ajing zhang gao tie chong nan dian sui dao xiu jian guan jian ji shu@dKey technology of the difficult tunnels of Beijing-Zhangjiakou high-speed railway@f张民庆等著@zeng |
| 210 | @a北京@c人民交通出版社股份有限公司@d2021.07 | |
| 215 | @a276页@c图, 照片@d26cm | |
| 300 | @a中国隧道及地下工程修建关键技术研究书系 | |
| 304 | @a著者还有:吕刚、岳岭、刘建友、刘方 | |
| 330 | @a本书总结了京张高铁四座重难点隧道工程的修建关键技术。全书内容共分6章:第1章介绍了京张铁路和京张高铁的基本情况;第2章介绍了京张高铁隧道工程基本情况,以及工程地质和水文地质条件;第3章重点介绍了新八达岭隧道修建关键技术,主要包括下穿长城段控制爆破技术、下穿京张铁路青龙桥车站段施工技术等:第4章重点介绍了正盘台隧道修建关键技术,主要包括堆积体处理技术、反坡抽排水技术、施工通风技术等:第5章重点介绍了东花园隧道修建关键技术,主要包括降水施工自动控制技术、橡胶沥青防水涂料智能喷涂技术等。 | |
| 510 | 1 | @aKey technology of the difficult tunnels of Beijing-Zhangjiakou high-speed railway@zeng |
| 606 | 0 | @a高速铁路@Agao su tie lu@x铁路隧道@x隧道施工@y华北地区 |
| 690 | @aU459.1@v5 | |
| 701 | 0 | @a张民庆@Azhang min qing@f(1970.9-)@4著 |
| 905 | @a河南城建学院图书馆@dU459.1@eZ1451 | |
| 京张高铁重难点隧道修建关键技术=Key technology of the difficult tunnels of Beijing-Zhangjiakou high-speed railway/张民庆等著.-北京:人民交通出版社股份有限公司,2021.07 |
| 276页:图, 照片;26cm |
| 中国隧道及地下工程修建关键技术研究书系 |
| ISBN 978-7-114-17341-7:CNY138.00 |
| 本书总结了京张高铁四座重难点隧道工程的修建关键技术。全书内容共分6章:第1章介绍了京张铁路和京张高铁的基本情况;第2章介绍了京张高铁隧道工程基本情况,以及工程地质和水文地质条件;第3章重点介绍了新八达岭隧道修建关键技术,主要包括下穿长城段控制爆破技术、下穿京张铁路青龙桥车站段施工技术等:第4章重点介绍了正盘台隧道修建关键技术,主要包括堆积体处理技术、反坡抽排水技术、施工通风技术等:第5章重点介绍了东花园隧道修建关键技术,主要包括降水施工自动控制技术、橡胶沥青防水涂料智能喷涂技术等。 |
| ● |
| 相关链接 |
|
|
|
正题名:京张高铁重难点隧道修建关键技术
索取号:U459.1/Z1451
 
预约/预借
| 序号 | 登录号 | 条形码 | 馆藏地/架位号 | 状态 | 备注 |
| 1 | 1588215 | 215882150 | 自科库501/501自科库 85排1列5层/ [索取号:U459.1/Z1451] | 在馆 |